Mikrocomputertechnik mit dem Prozessor 8085 A Maschinenorientierte Programmierung, Grundlagen - Schaltungstechnik - Anwendungen

Gespeichert in:
Bibliographische Detailangaben
1. Verfasser: Schmitt, Günter
Format: Buch
Sprache:Deutsch
Veröffentlicht: München Oldenbourg 1994
Ausgabe:6. verb. und erw. Aufl.
Schlagworte:
Tags: Tag hinzufügen
Keine Tags, Fügen Sie das erste Tag hinzu!

MARC

LEADER 00000nam a2200000 4500
001 c010255
005 20221205140809.7
020 |a 3-486-22802-1 
041 0 |a ger 
044 |a DE 
245 1 0 |a Mikrocomputertechnik mit dem Prozessor 8085 A  |b Maschinenorientierte Programmierung, Grundlagen - Schaltungstechnik - Anwendungen  |c Günter Schmitt 
250 |a 6. verb. und erw. Aufl. 
264 1 |a München  |b Oldenbourg  |c 1994 
300 |a 373 s. 
610 2 0 |a mikropočítače 
610 2 0 |a procesory 
610 2 0 |a programovanie 
610 2 0 |a hardvér 
610 2 0 |a softvér 
610 2 0 |a prenos dát 
610 2 0 |a mikroprocesory 
100 1 |a Schmitt, Günter